Boston Celtics Starting Lineups by Year - Statistics

General Stats
  • This quiz has been taken 48 times
  • The average score is 35 of 90
Answer Stats
Answer % Correct
Dee Brown
100%
Derrick White
100%
Jaylen Brown
100%
Jayson Tatum
100%
Randy Brown
100%
Jo Jo White
97%
Kristaps Porzingis
95%
Al Horford
92%
Paul Pierce
92%
Chris Ford
90%
Isaiah Thomas
90%
Kevin Garnett
90%
Larry Bird
90%
Marcus Smart
90%
Ray Allen
90%
Tony Allen
90%
Jrue Holiday
87%
Kyrie Irving
87%
Rajon Rondo
87%
Kevin McHale
82%
John Havlicek
79%
Robert Williams
77%
Antoine Walker
72%
Kemba Walker
72%
Robert Parish
72%
Eric Williams
69%
Amir Johnson
67%
Dennis Johnson
67%
Joe Johnson
67%
Kendrick Perkins
67%
Dave Cowens
59%
Gordon Hayward
56%
Shaquille O'Neal
56%
Avery Bradley
54%
Danny Ainge
51%
Daniel Theis
44%
Jeff Green
41%
Tiny Archibald
38%
Jared Sullinger
36%
Cedric Maxwell
33%
Jae Crowder
33%
Reggie Lewis
33%
Tristan Thompson
33%
Marcus Morris
31%
Aron Baynes
26%
Brandon Bass
23%
Evan Turner
23%
Paul Silas
23%
Ricky Davis
23%
Al Jefferson
18%
Chauncey Billups
18%
Dino Radja
18%
Dominique Wilkins
18%
Tyler Zeller
18%
Don Nelson
15%
Gary Payton
15%
Gerald Henderson
15%
Delonte West
13%
Kenny Anderson
13%
Rick Fox
13%
Vin Baker
8%
Jordan Crawford
5%
Mike James
5%
Ron Mercer
5%
Ryan Gomes
5%
Walter McCarty
5%
Adrian Griffin
3%
Brian Shaw
3%
Charlie Scott
3%
Don Chaney
3%
Kevin Gamble
3%
Mark Blount
3%
Quinn Buckner
3%
Raef LaFrentz
3%
Tony Battie
3%
Alaa Abdelnaby
0%
Andrew DeClercq
0%
Bryant Stith
0%
Curtis Rowe
0%
Dave Bing
0%
David Wesley
0%
Ed Pinckney
0%
Eric Montross
0%
Greg Minor
0%
Jiri Welsch
0%
John Bagley
0%
J.R. Bremer
0%
Sherman Douglas
0%
Sidney Wicks
0%
Vitaly Potapenko
0%
No matching quizzes found
Score Distribution
Percent of People with Each Score
Percentile by Number Answered
Your Score History
You have not taken this quiz